000 00372nam a2200169Ia 4500
005 20240823031636.0
008 240823s9999||||xx |||||||||||||| ||und||
041 _aENGLISH
082 _A547.2
100 _aMurugan S
245 0 _aOrganic Synthesis
260 _b#VALUE!
500 _aTRANSFERED
650 _aChemistry
_bChemistry
942 _cBK
999 _c191557
_d191557